Poemas de todas partes: los chicos leen poesía. antología /

Guardado en:
Autor Principal: Machado, Antonio
Otros Autores: Pinto, Marco; il., Muscolo, Silvina; comp.
Formato: Libro
Publicado: Buenos Aires : Estrada, 2014
Series:Azulejos niños ; 6
Materias:
Etiquetas: Agregar Etiqueta
Sin Etiquetas, Sea el primero en etiquetar este registro!
LEADER 00851nam a22002535a 4500
001 CEM.cems015084
005 20190917154447.0
008 130507s2014##################000#0#####d
003 CEMS
020 |a 9789500116510 
082 0 4 |a H861.4 
100 1 |a Machado, Antonio 
245 1 0 |a Poemas de todas partes: los chicos leen poesía. antología /  |c Antonio Machado ... y Otros; ilustrado Por Marco Pinto; compilado Por Silvina Muscolo 
260 |a Buenos Aires :  |b Estrada,  |c 2014 
300 |a 80 p. 
490 0 |a Azulejos niños ; 6 
653 |a Literatura 
653 |a Literatura mundial 
653 |a Literatura infantil 
653 |a Poesía infantil 
653 |a Colección ciencias de la educación 
700 1 |a Pinto, Marco; il. 
700 1 |a Muscolo, Silvina; comp. 
859 |a CEMS  |b BIB. CEMS - Ccias. Educacion  |h H861.4  |i M180  |k CE  |p 28028.19  |t Ej.1